Jugadores del Atlético de Madrid y Real Madrid (S. XXI) - Estadísticas

Estadísticas generales
  • Esta prueba ha sido intentada 129 veces
  • La puntuación promedio es 4 de 7
Estadísticas de respuestas
Periodo Atlético Periodo Madrid Respuesta % Correcto
2019-2026 2015-2016 Marcos Llorente
93%
2018-2020, 2022-2024 2010-2014, 2016-2017 Álvaro Morata
91%
2011-2014 2018-2026 Thibaut Courtois
82%
2010-2019 2003-2005 Juanfran Torres
59%
2022-2023 2018-2019 Sergio Reguilón
51%
2007-2008, 2009-2012 2006-2007 José Antonio Reyes
40%
2006-2008, 2009-2010 2005-2006 José Manuel Jurado
14%
No se encontraron pruebas coincidentes
Distribución de puntuación
Porcentaje de gente con cada puntuación
Porcentaje por número respondido
Historial de tus puntuaciones
No has intentado esta prueba.